| 000 | 00676nam a22002175a 4500 | ||
|---|---|---|---|
| 008 | 161115t2015 xxu||||fr|||| 001 0 eng d | ||
| 020 | _a9781138816480 | ||
| 040 |
_aEG-ScBUE _beng _cEG-ScBUE |
||
| 082 |
_222 _a070.4068 _bKEL |
||
| 100 | 1 | _aKelly, Sara | |
| 245 |
_aThe entrepreneurial journalist's toolkit : _bManage your media / _cSara Kelly |
||
| 260 |
_aNew York : _bFocal Press, _c2015. |
||
| 300 |
_ax, 226 p. : _bill. ; _c25 cm. |
||
| 500 | _aIndex : p. 223-226. | ||
| 590 | _aSuzan Ashmawy | ||
| 650 | 7 |
_2BUEsh _aJournalism _xManagement. |
|
| 650 | 7 |
_2BUEsh _aJournalism _xVocational guidance. |
|
| 651 | _2BUEsh | ||
| 653 |
_bCOMAME _cNovember2016 |
||
| 942 | _2ddc | ||
| 999 |
_c23143 _d23115 |
||